000 00892nam a2200253 i 4500
001 bg
100 1 _aSZANIAWSKI, Krzysztof
_d(1974- )
245 1 0 _aUstawa o podpisie elektronicznym :
_bkomentarz /
_cKrzysztof Szaniawski, Tomasz Kościelny.
260 _aKraków :
_b"Zakamycze",
_c2003.
300 _a461 s. ;
_c21 cm.
500 _aW zał. tekst częśc. ang.
504 _aBibliogr., w zał. teksty aktów prawnych.
650 9 _aPodpis elektroniczny
_xprawo
_zPolska
_ystan na 2003 r.
700 1 _aKOŚCIELNY, Tomasz
_d(1973- )
015 _aPB 17873/2003
020 _a8373332855
040 _cBPK
041 0 _apoleng
080 _a347.18:004.772:004.738.5](438)
920 _a83-7333-285-5
942 _cKS
008 s pl f |000 0 pol
999 _c46137
_d46137
856 _uhttp://koha.tu.koszalin.pl/cgi-bin/koha/opac-detail.pl?biblionumber=46137
_yKatalog online BPK